00692 2200229 4500001002100000005001500021035002500036008004100061245009400102110003200196260003800228300003500266020002200301082001400323084002000337650002300357250001400380504002200394600001600416600001900432990001100451INLIS00000000000002020240625100350 a0010-121900000000020240625 | ind 1 a13 jenis belimbing manis : penanaman dan usaha penangkaran /cTim penulis Penebar Swadaya2 aTIM PENULIS PENEBAR SWADAYA aJakarta :bPenebar Swadaya,c1995 aviii, 127 p. :bill. ;c21 cm. a978-979-489-133-9 a634.674.3 a634.674.3 TIM s 4aAVERRHOA CARAMBOLA aCet. ke-1 aBibl.: p. 124-127 4aCULTIVATION 4aPLANT BREEDING abC2883